000 00424nam a2200157 i 4500
001 35494
003 ES-MaACL
005 20230906155134.0
007 t|
008 030213s1922 fr ||||1| fre d
100 1 _aBoubier, Maurice.
_930821
245 1 3 _aL' oiseau et son milieu /
_cpar Maurice Boubier.
260 _aParĂ­s :
_bFlammarion,
_c1922 (
_fHemmerlé)
300 _a288 p. ;
_c19 cm.
852 _aES-MaACL
_jF-6422
999 _c35494
_d35494